000 00547 a2200193 4500
005 20260128103909.0
008 260127b |||||||| |||| 00| 0 eng d
020 _a9789366274782
_cRs. 1450.00
040 _aMAIN
082 _a954.03
_bD459K
100 _aDeshpande, Anirudh
245 _aKing, country and war: Ideology, memory and written Indian history, c.1600-1900
260 _bPrimus Books
_c2025
_aDelhi
300 _axxviii, 248
650 _aHistory
650 _aIndia-History
650 _aEarly Modern India
942 _cBK
999 _c394633
_d394633